| 000 | 01370nam a2200265Ia 4500 | ||
|---|---|---|---|
| 999 |
_c53014 _d53014 |
||
| 001 | 20046 | ||
| 003 | GE_BSU | ||
| 005 | 20210625173227.0 | ||
| 008 | 181216s2015||||ge |||||||||||||| ||geo|| | ||
| 020 | _a9789941921391 | ||
| 040 | _cGE_BSU | ||
| 041 | _ageo | ||
| 080 | _a316.48(075.8) ც-54 | ||
| 100 |
_aცვეტკოვ, ვ. ლ. _912134 |
||
| 245 |
_aკონფლიქტის ფსიქოლოგია /თეორიიდან პრაქტიკამდე/ : _bსახელმძღვ. უმაღლ. სასწ. სტუდენტთათვის / _cვ. ლ. ცვეტკოვ ; ნ. ერიაშვილის რედაქტორობით. |
||
| 264 |
_aთბილისი : _bსამართლიანი საქართველო, _c2015. |
||
| 300 |
_a220 გვ. : _b ნახ. ; _c20 სმ. |
||
| 500 | _aმოკლე ტერმინოლოგიური ლექსიკონი გვ. : 207-216 | ||
| 520 | _aთავფურცლის მე-2 გვ. რუსულ ენაზე | ||
| 653 | _aკონფლიქტის ფსიქოლოგია | ||
| 653 | _aსოციოლოგია | ||
| 653 | _aფსიქოლოგია | ||
| 700 |
_aერიაშვილი, ნ. _e რედაქტორი _93261 |
||
| 942 |
_cBK _2udc |
||